000 00537 a2200181 4500
999 _c4603
_d4603
020 _a0949225797
050 0 0 _aPR9898 DAN 1988
100 1 _aDangarembga, Tsitsi.
_eauthor
245 1 0 _aNervous conditions /
_cTsitsi Dangarembga.
264 _aHarare :
_bZimbabwe Publishing House,
_c1988
300 _a204 p. ;
500 _anovel
650 0 _aWomen -- Zimbabwe
_xFiction.
650 0 _aGirls -- Africa
_xFiction.
650 0 _aZimbabwe -- Social life and customs
_xFiction.
651 0 _aZimbabwe
942 _2lcc
_cBK
_h9898
_iDAN
_kPR